|
|
|
|
| LEADER |
00000cam a22000002c 4500 |
| 001 |
1840059915 |
| 003 |
DE-627 |
| 005 |
20250708100035.0 |
| 007 |
cr uuu---uuuuu |
| 008 |
230324s2002 xx |||||o 00| ||eng c |
| 024 |
7 |
|
|a 10.3886/ICPSR03414.v1
|2 doi
|
| 035 |
|
|
|a (DE-627)1840059915
|
| 035 |
|
|
|a (DE-599)KXP1840059915
|
| 040 |
|
|
|a DE-627
|b ger
|c DE-627
|e rda
|
| 041 |
|
|
|a eng
|
| 084 |
|
|
|a 2,1
|2 ssgn
|
| 100 |
1 |
|
|a Milberger, Sharon
|e VerfasserIn
|4 aut
|
| 245 |
1 |
0 |
|a Evaluation of Violence Against Women With Physical Disabilities in Michigan, 2000-2001
|
| 264 |
|
1 |
|a [Erscheinungsort nicht ermittelbar]
|b [Verlag nicht ermittelbar]
|c 2002
|
| 336 |
|
|
|a Text
|b txt
|2 rdacontent
|
| 337 |
|
|
|a Computermedien
|b c
|2 rdamedia
|
| 338 |
|
|
|a Online-Ressource
|b cr
|2 rdacarrier
|
| 520 |
|
|
|a In the past few years it has become alarmingly clear that women with disabilities are at an extremely high risk for emotional, sexual, and physical assault. The Developmental Disabilities Institute at Wayne State University, in collaboration with the United Cerebral Palsy Association in Michigan, conducted a one-year study to investigate the prevalence and correlates of, and service system capacity related to, domestic abuse among women with physical disabilities in Michigan. The study aimed to address the following research questions: (1) What is the prevalence of domestic violence among a sample of women with physical disabilities? (2) What potential factors for domestic violence exist among women with physical disabilities? and (3) What is the capacity of existing support programs (e.g., safe houses, shelters, and service agencies) to assist women with physical disabilities? The population for this study was women over the age of 18 who had physical disabilities. Consistent with the work of other researchers, physical disabilities in this study were defined as those disabilities that result in functional impairment, such as cerebral palsy, post-polio syndrome, spina bifida, amputation, rheumatic conditions, multiple sclerosis, spinal cord injury, traumatic brain injury, visual impairment, hearing impairment, and stroke. A sample of 177 women was recruited through several mechanisms. To address the question of domestic abuse prevalence, the women participating in the study were first asked to complete a brief questionnaire addressing demographic characteristics and their experience with domestic violence (Part 1, Screening Interview Data). Fifty-six percent (100) of the 177 women interviewed indicated a positive history of abuse at their initial screening. In order to address the second research question about the correlates of abuse, this subsample of 100 women was invited and encouraged to participate in the second phase of the research, which involved a more extensive interview (Part 2, Abuse Interview Data). The interview used was based on a protocol developed by Nosek (1995) that addressed demographic characteristics, social networks, and abuse history. Variables in Parts 1 and 2 include type of disability, type of personal assistance needed, and whether the respondent was ever physically, emotionally, or sexually abused. Part 2 also contains variables on sources of monthly income, who perpetrated the abuse, the abuser's gender, how long the victim knew the abuser, whether the victim sought assistance from a domestic violence program or shelter, and a description of the worst incident of physical abuse. Demographic variables in Parts 1 and 2 include ethnicity, age, employment status, and marital status.
|
| 540 |
|
|
|a ICPSR Terms of Use
|
| 650 |
|
4 |
|a Abuse
|
| 650 |
|
4 |
|a Assault
|
| 650 |
|
4 |
|a Battered Women
|
| 650 |
|
4 |
|a disabled persons
|
| 650 |
|
4 |
|a Domestic Violence
|
| 650 |
|
4 |
|a emotional abuse
|
| 650 |
|
4 |
|a physical disabilities
|
| 650 |
|
4 |
|a Sexual Abuse
|
| 650 |
|
4 |
|a Violence
|
| 650 |
|
4 |
|a Women
|
| 650 |
|
4 |
|a womens shelters
|
| 655 |
|
7 |
|a Forschungsdaten
|0 (DE-588)1098579690
|0 (DE-627)857755366
|0 (DE-576)469182156
|2 gnd-content
|
| 787 |
0 |
8 |
|i Forschungsdaten zu
|a Naylon, Karlee
|t Dependence, Violence and Neglect in Women with Disabilities
|d [Erscheinungsort nicht ermittelbar] : [Verlag nicht ermittelbar], 2021
|w (DE-627)1912508923
|
| 787 |
0 |
8 |
|i Forschungsdaten zu
|a Milberger, Sharon
|t A Michigan Study on Women with Physical Disabilities, Executive Summary
|d [Erscheinungsort nicht ermittelbar] : Wayne State University [producer], United States Department of Justice, National Institute of Justice [distributor], 2002
|w (DE-627)191262219X
|
| 787 |
0 |
8 |
|i Forschungsdaten zu
|a Milberger, Sharon
|t A Michigan Study on Women with Physical Disabilities, Final Report
|d [Erscheinungsort nicht ermittelbar] : Wayne State University [producer], United States Department of Justice, National Institute of Justice [distributor], 2002
|w (DE-627)1912622203
|
| 787 |
0 |
8 |
|i Forschungsdaten zu
|a Milberger, Sharon
|t Violence against women with physical disabilities
|d 2003
|w (DE-627)1912743450
|
| 856 |
4 |
0 |
|u https://doi.org/10.3886/ICPSR03414.v1
|x Resolving-System
|z kostenfrei
|3 Volltext
|7 0
|
| 935 |
|
|
|a mkri
|
| 951 |
|
|
|a BO
|
| ELC |
|
|
|a 1
|
| LOK |
|
|
|0 000 xxxxxcx a22 zn 4500
|
| LOK |
|
|
|0 001 4296807552
|
| LOK |
|
|
|0 003 DE-627
|
| LOK |
|
|
|0 004 1840059915
|
| LOK |
|
|
|0 005 20230324125303
|
| LOK |
|
|
|0 008 230324||||||||||||||||ger|||||||
|
| LOK |
|
|
|0 035
|a (DE-2619)ICPSR3414
|
| LOK |
|
|
|0 040
|a DE-2619
|c DE-627
|d DE-2619
|
| LOK |
|
|
|0 092
|o n
|
| LOK |
|
|
|0 852
|a DE-2619
|
| LOK |
|
|
|0 852 1
|9 00
|
| LOK |
|
|
|0 935
|a foda
|a nacj
|
| LOK |
|
|
|0 939
|a 24-03-23
|b l01
|
| OAS |
|
|
|a 1
|
| ORI |
|
|
|a SA-MARC-krimdoka001.raw
|